| 000 | 01410nam a22002897a 4500 | ||
|---|---|---|---|
| 001 | 1719 | ||
| 003 | FISKH | ||
| 005 | 20230919140624.0 | ||
| 008 | 230919b cb ||||| |||| 00| 0 khr d | ||
| 020 | _a9789924340003 | ||
| 040 |
_aFISKH _beng _cFISKH _dFISKH |
||
| 082 | _a321.8 | ||
| 100 | _aHongcheng, Yu | ||
| 245 |
_aតើបាយបានមកពីណា? / _cនិពន្ធនិងគូររូបដោយ យូ ហុងចេង |
||
| 250 | _aបោះពុម្ពលើកទី ២ កក្កដា ២០២០ | ||
| 260 |
_aPhnom Penh : _bSipar, _c2020. |
||
| 300 |
_a40 pages : _bcolor illustrations ; _c23 × 29 cm |
||
| 505 | _aO | ||
| 520 | _aកសិករដកស្មៅ កណ្ដាលថ្ងៃក្ដៅ ញើសដូរធ្លាក់ទៅចូលក្នុងវាលស្រែ។ បាយបានមកពីការងារលំបាកៗយ៉ាងច្រើន។ | ||
| 520 | _aFarmers remove weeds in the middle of a hot day, sweating and falling into the fields. Rice comes from a lot of hard work. | ||
| 521 | 8 |
_a640
_bLexile estimate |
|
| 521 | 8 |
_aO
_bRaz-Plus |
|
| 650 |
_aក្រោមកម្ដៅថ្ងៃ _vអង្ករ _xការងារលំបាក |
||
| 650 |
_aRice _vHard Work _xUnder the sun |
||
| 700 |
_aHongcheng, Yu _eillustrator |
||
| 942 |
_2ddc _cKHB _n0 |
||
| 999 |
_c1719 _d1719 |
||